Jurisprudence / (Record no. 586024)

000 -LEADER
fixed length control field 00376nam a22001337a 4500
020 ## - INTERNATIONAL STANDARD BOOK NUMBER
International Standard Book Number 9789695571477
082 ## - DEWEY DECIMAL CLASSIFICATION NUMBER
Classification number 340 NYA
100 ## - MAIN ENTRY--PERSONAL NAME
Personal name Nyazee, Imran Ahsan Khan
245 ## - TITLE STATEMENT
Title Jurisprudence /
Statement of responsibility, etc. Imran Ahsan Khan Nyazee
260 ## - PUBLICATION, DISTRIBUTION, ETC.
Place of publication, distribution, etc. Lahore :
Name of publisher, distributor, etc. Federal Law House,
Date of publication, distribution, etc. 2017.
300 ## - PHYSICAL DESCRIPTION
Extent 338 p. ;
Dimensions 24 cm.
942 ## - ADDED ENTRY ELEMENTS (KOHA)
Source of classification or shelving scheme
Koha item type Book
Holdings
Withdrawn status Lost status Source of classification or shelving scheme Damaged status Not for loan Permanent Location Current Location Shelving location Date acquired Total Checkouts Total Renewals Full call number Barcode Date last seen Date last checked out Price effective from Koha item type Checked out
          NUST Law School (NLS) NUST Law School (NLS) Law 07/26/2021 1 8 340 NYA CL-588 02/19/2025 06/14/2022 07/26/2021 Book  
          NUST Law School (NLS) NUST Law School (NLS)   02/28/2025 3   340 NYA NLS-198 03/16/2026 02/04/2026 02/28/2025 Book  
          NUST Law School (NLS) NUST Law School (NLS)   02/28/2025 2   340 NYA NLS-199 04/17/2026 04/17/2026 02/28/2025 Book 05/17/2026
          NUST Law School (NLS) NUST Law School (NLS)   02/28/2025 2   340 NYA NLS-200 03/03/2026 03/03/2026 02/28/2025 Book 04/02/2026
          NUST Law School (NLS) NUST Law School (NLS)   02/28/2025 2   340 NYA NLS-201 02/23/2026 02/23/2026 02/28/2025 Book 03/25/2026
          NUST Law School (NLS) NUST Law School (NLS)   06/29/2025 2   340 NYA NLS-2905 02/24/2026 02/24/2026 06/29/2025 Book 03/26/2026
          NUST Law School (NLS) NUST Law School (NLS)   06/29/2025 2   340 NYA NLS-2906 03/03/2026 03/03/2026 06/29/2025 Book 04/02/2026
          NUST Law School (NLS) NUST Law School (NLS)   06/29/2025 3   340 NYA NLS-2907 04/28/2026 04/28/2026 06/29/2025 Book 05/28/2026
          NUST Law School (NLS) NUST Law School (NLS)   06/29/2025 2   340 NYA NLS-2908 03/03/2026 03/03/2026 06/29/2025 Book 04/02/2026
© 2023 Central Library, National University of Sciences and Technology. All Rights Reserved.